MARC

LEADER 00000nam0a2200000 4500
001 278718
005 20231101235135.0
035 |a (RuTPU)RU\TPU\book\301996 
090 |a 278718 
100 |a 20141213d1985 k y0rusy50 ca 
101 0 |a rus 
102 |a RU 
105 |a a z 001zy 
200 1 |a Механика сплошной среды  |f Научно-исследовательский институт механики и прикладной математики им. Воровича ; под ред. И. И. Воровича 
210 |a Ростов-на-Дону  |c Изд-во Ростовского ун-та  |d 1985 
215 |a 144 с.  |c ил. 
320 |a Библиогр. в конце ст. 
606 1 |a Механика сплошных сред  |2 stltpush  |3 (RuTPU)RU\TPU\subj\43578  |9 63063 
610 1 |a физика 
610 1 |a автоматизация 
610 1 |a проектирование 
610 1 |a краевые задачи 
610 1 |a грунты 
610 1 |a жидкости 
610 1 |a ползучесть 
610 1 |a уплотнение 
610 1 |a несущая способность 
610 1 |a импульсное воздействие 
610 1 |a гидрогеологические расчеты 
610 1 |a оболочки 
610 1 |a фундаменты 
610 1 |a упругие волны 
610 1 |a капиллярно-гравитационные жидкости 
610 1 |a механические свойства 
610 1 |a монографии 
675 |a 531/534  |v 4 
702 1 |a Ворович  |b И. И.  |4 340 
712 0 2 |a Научно-исследовательский институт механики и прикладной математики им. Воровича  |2 stltpush  |3 (RuTPU)RU\TPU\col\11593  |9 25212 
801 1 |a RU  |b 63413507  |c 20141213 
801 2 |a RU  |b 63413507  |c 20170412  |g RCR 
942 |c BK